[Event "22nd Hogeschool Zeeland Tournament"]
[Site "Vlissingen"]
[Date "2018.08.05"]
[Round "3.1"]
[White "De Jong, Migchiel"]
[Black "Mareco, Sandro"]
[Result "0-1"]
[WhiteElo "2339"]
[BlackElo "2643"]
[PlyCount "240"]
[EventDate "2018.08.04"]
[EventType "swiss"]
[EventRounds "9"]
[EventCountry "NED"]

1. e4 c5 2. Nf3 d6 3. Bb5+ Nd7 4. O-O Ngf6 5. d4 cxd4 6. Qxd4 a6 7. Bxd7+ Bxd7
8. Bg5 e6 9. Nbd2 Bc6 10. Nc4 Be7 11. Bxf6 gxf6 12. Nb6 Rb8 13. Rfe1 Rg8 14.
Nd5 exd5 15. exd5 Bd7 16. Re3 Rg4 17. Qxf6 Kf8 18. Qh8+ Rg8 19. Qxh7 Bg5 20.
Re4 Qf6 21. Rae1 Qh6 22. Qxh6+ Bxh6 23. Nd4 Rg4 24. Ne6+ Bxe6 25. dxe6 Rxe4 26.
Rxe4 Re8 27. Rb4 Rxe6 28. g3 Re7 29. Rb6 Rd7 30. Kf1 Bg7 31. c3 d5 32. Ke2 d4
33. c4 d3+ 34. Kd2 Bd4 35. Rb3 Bxf2 36. Rxd3 Rc7 37. b3 Re7 38. a3 a5 39. Rd8+
Kg7 40. Rd5 b6 41. Rb5 Re4 42. Kd3 Re1 43. b4 Re3+ 44. Kc2 a4 45. Rxb6 Rxa3 46.
Ra6 Bd4 47. c5 Rc3+ 48. Kd2 a3 49. c6 Kf8 50. b5 Be5 51. c7 Rxc7 52. Rxa3 Ke7
53. Kd3 Ke6 54. Rb3 Kd5 55. b6 Rb7 56. Rb5+ Kd6 57. Ke4 Bf6 58. g4 Bd8 59. Kf5
Bxb6 60. g5 Kc6 61. Rb3 Ra7 62. g6 fxg6+ 63. Kxg6 Ra4 64. Rd3 Bc7 65. h3 Bd6
66. Kf5 Kd7 67. Re3 Rf4+ 68. Kg5 Rf1 69. Kg4 Rg1+ 70. Kf5 Be7 71. Rf3 Rg5+ 72.
Kf4 Ra5 73. Kg4 Ke6 74. h4 Ra8 75. Rf4 Bd6 76. Re4+ Be5 77. Re3 Rg8+ 78. Kh3
Kf5 79. Rf3+ Bf4 80. Ra3 Rg1 81. h5 Rh1+ 82. Kg2 Rh2+ 83. Kg1 Kg4 84. h6 Rxh6
85. Kf2 Rh2+ 86. Ke1 Rb2 87. Kd1 Kf5 88. Ra4 Ke5 89. Ke1 Be3 90. Kd1 Kd5 91.
Rh4 Bd4 92. Rg4 Kc4 93. Rg3 Rh2 94. Rf3 Bc3 95. Rf4+ Kb3 96. Rf3 Rg2 97. Rd3
Kc4 98. Rf3 Kb3 99. Rd3 Rf2 100. Rd7 Kc4 101. Kc1 Bd4 102. Rh7 Kd3 103. Rh3+
Be3+ 104. Kb1 Re2 105. Rf3 Kc3 106. Rf8 Rb2+ 107. Ka1 Rb5 108. Rc8+ Bc5 109.
Rh8 Bd4 110. Rh3+ Kc4+ 111. Ka2 Rb2+ 112. Ka3 Rb1 113. Ka4 Rb8 114. Rh5 Rb7
115. Rg5 Rb4+ 116. Ka5 Rb1 117. Ka6 Rb6+ 118. Ka5 Rh6 119. Rg4 Rh1 120. Ka6 Rh7
0-1

[Event "22nd Hogeschool Zeeland Tournament"]
[Site "Vlissingen"]
[Date "2018.08.05"]
[Round "3.2"]
[White "Iturrizaga Bonelli, Eduard"]
[Black "Rajesh, V.A.V."]
[Result "1-0"]
[WhiteElo "2640"]
[BlackElo "2325"]
[PlyCount "123"]
[EventDate "2018.08.04"]
[EventType "swiss"]
[EventRounds "9"]
[EventCountry "NED"]

1. c4 Nf6 2. g3 c5 3. Bg2 Nc6 4. Nc3 e5 5. a3 Be7 6. e3 O-O 7. Nge2 d6 8. h3
Be6 9. Nd5 Re8 10. d3 a5 11. Nec3 Rb8 12. Nb5 Qd7 13. Bd2 Bd8 14. Qb3 Bxd5 15.
cxd5 Nb4 16. a4 e4 17. Bxb4 axb4 18. O-O Ra8 19. Qc4 exd3 20. Qxd3 Re7 21. e4
Ne8 22. f4 Nc7 23. e5 Nxb5 24. e6 Bb6 25. Kh2 Qe8 26. axb5 Rxa1 27. Rxa1 f6 28.
g4 Rc7 29. Qc4 Kf8 30. Be4 g6 31. Bd3 Ke7 32. Kg3 Rc8 33. Kf3 Qh8 34. Rg1 Qg7
35. h4 Qh6 36. Rh1 f5 37. g5 Qg7 38. h5 Rh8 39. Qc2 Qd4 40. Bxf5 gxf5 41. Qxf5
Qg7 42. h6 Qf8 43. Qe4 Bd8 44. f5 Ke8 45. Qf4 Bxg5 46. Qxg5 Rg8 47. Qf4 Qf6 48.
Qxd6 Qxf5+ 49. Ke3 Qg5+ 50. Qf4 Qxf4+ 51. Kxf4 Ke7 52. Kf5 Rg2 53. d6+ Kxd6 54.
Rd1+ Ke7 55. Rd7+ Ke8 56. Rxh7 c4 57. Rc7 c3 58. h7 Rh2 59. h8=Q+ Rxh8 60. Rc8+
Ke7 61. Rxh8 cxb2 62. Rh1 1-0

[Event "22nd Hogeschool Zeeland Tournament"]
[Site "Vlissingen"]
[Date "2018.08.05"]
[Round "3.3"]
[White "Rijnaarts, Sjef"]
[Black "Van Foreest, Jorden"]
[Result "0-1"]
[WhiteElo "2339"]
[BlackElo "2636"]
[PlyCount "57"]
[EventDate "2018.08.04"]
[EventType "swiss"]
[EventRounds "9"]
[EventCountry "NED"]

1. e4 c5 2. Nf3 d6 3. d4 cxd4 4. Nxd4 Nf6 5. Nc3 a6 6. Bg5 Nbd7 7. Qe2 h6 8.
Bh4 g6 9. f4 e5 10. O-O-O exd4 11. e5 dxc3 12. exf6+ Ne5 13. fxe5 Be6 14. Qe3
cxb2+ 15. Kxb2 Qa5 16. exd6 Bxd6 17. Rxd6 Qb4+ 18. Kc1 Qxd6 19. Bg3 Qc6 20. Bd3
Kf8 21. Be4 Qc4 22. Rd1 Qxa2 23. Rd4 Rc8 24. Bf4 Kg8 25. h4 Bb3 26. Bc7 b6 27.
g4 h5 28. Kd1 Be6 29. Rd6 0-1

[Event "22nd Hogeschool Zeeland Tournament"]
[Site "Vlissingen"]
[Date "2018.08.05"]
[Round "3.4"]
[White "Aronsson, Marten"]
[Black "Ikonnikov, Vyacheslav"]
[Result "0-1"]
[WhiteElo "2303"]
[BlackElo "2546"]
[PlyCount "86"]
[EventDate "2018.08.04"]
[EventType "swiss"]
[EventRounds "9"]
[EventCountry "NED"]

1. d4 Nf6 2. Nf3 e6 3. g3 b5 4. Qd3 Ba6 5. Bg5 c5 6. e4 b4 7. Qe3 cxd4 8. Qxd4
Nc6 9. Qe3 Bxf1 10. Kxf1 h6 11. Bxf6 Qxf6 12. e5 Qf5 13. Qd3 Qxd3+ 14. cxd3 g5
15. h3 Bg7 16. d4 f6 17. Nbd2 fxe5 18. dxe5 Nxe5 19. Nxe5 Bxe5 20. Nc4 Bg7 21.
Re1 O-O 22. Re2 Rac8 23. b3 d5 24. Ne3 Rc1+ 25. Kg2 Rxh1 26. Kxh1 Rc8 27. Kg2
Rc3 28. f4 gxf4 29. gxf4 Kf8 30. Nd1 Rc6 31. Kf3 Kf7 32. Ne3 Bd4 33. Nc2 Rc3+
34. Kg4 Bc5 35. h4 a5 36. Ne1 Be7 37. Nc2 Bf6 38. Ne3 Rd3 39. Kh5 d4 40. Nf1
Rf3 41. Nh2 Rxf4 42. Ng4 Rf5+ 43. Kxh6 Bg7+ 0-1

[Event "22nd Hogeschool Zeeland Tournament"]
[Site "Vlissingen"]
[Date "2018.08.05"]
[Round "3.5"]
[White "Zeng, Chongsheng"]
[Black "Grochal, Joey"]
[Result "1-0"]
[WhiteElo "2539"]
[BlackElo "2300"]
[PlyCount "111"]
[EventDate "2018.08.04"]
[EventType "swiss"]
[EventRounds "9"]
[EventCountry "NED"]

1. d4 Nf6 2. Nf3 e6 3. c4 b6 4. a3 Bb7 5. Nc3 d5 6. cxd5 Nxd5 7. Bd2 Nd7 8. Qc2
Be7 9. e4 Nxc3 10. Bxc3 O-O 11. Rd1 Qc8 12. Be2 Nf6 13. Bd3 Ba6 14. Ne5 c5 15.
Bxa6 Qxa6 16. dxc5 Bxc5 17. b4 Be7 18. Nc6 Rfe8 19. Bxf6 Bxf6 20. e5 Be7 21.
Rd3 Bf8 22. O-O Rac8 23. Rfd1 b5 24. Rc3 Rc7 25. h4 Kh8 26. Nd8 Rxc3 27. Qxc3
Kg8 28. Qf3 Re7 29. g3 Rc7 30. h5 Qc8 31. Kg2 g6 32. hxg6 hxg6 33. Rd3 Bg7 34.
Qe4 Rc4 35. Qf3 Qc7 36. Qa8 Kh7 37. Rf3 Qxe5 38. Nxf7 Qd5 39. Qxd5 exd5 40. Rd3
Rc3 41. Rxd5 a6 42. a4 bxa4 43. Ra5 a3 44. Rxa6 Rb3 45. Ng5+ Kh6 46. Ne6 Bb2
47. Nf4 Kh7 48. Nd5 Rd3 49. Ne3 Rb3 50. Nd5 Rd3 51. Ra7+ Bg7 52. Nf4 Rd6 53.
Rxa3 g5 54. Nd3 g4 55. b5 Kg6 56. Ra6 1-0

[Event "22nd Hogeschool Zeeland Tournament"]
[Site "Vlissingen"]
[Date "2018.08.05"]
[Round "3.6"]
[White "Bezemer, Arno"]
[Black "Pruijssers, Roeland"]
[Result "0-1"]
[WhiteElo "2295"]
[BlackElo "2506"]
[PlyCount "74"]
[EventDate "2018.08.04"]
[EventType "swiss"]
[EventRounds "9"]
[EventCountry "NED"]

1. e4 c5 2. Nf3 e6 3. d4 cxd4 4. Nxd4 Nc6 5. Nc3 Qc7 6. Be3 a6 7. Qf3 d6 8. Qg3
Nf6 9. Be2 h5 10. f3 Ne5 11. O-O Bd7 12. Rfd1 b5 13. a4 b4 14. Na2 h4 15. Qe1
d5 16. Nxb4 Qb7 17. Nd3 Nc4 18. Bf2 dxe4 19. fxe4 Qxe4 20. Bf3 Qxe1+ 21. Rxe1
O-O-O 22. b3 Nd2 23. Ne5 Nxf3+ 24. Ndxf3 Be8 25. Ng5 Rh5 26. Nexf7 Rd7 27. Ne5
Rxg5 28. Nxd7 Bxd7 29. Bxh4 Rg4 30. Bf2 Bc6 31. g3 Ne4 32. Be3 Bb4 33. Rf1 Nxg3
34. hxg3 Rxg3+ 35. Kh2 Rxe3 36. Rf2 Bd6+ 37. Kg1 Rh3 0-1

[Event "22nd Hogeschool Zeeland Tournament"]
[Site "Vlissingen"]
[Date "2018.08.05"]
[Round "3.7"]
[White "Hausrath, Daniel"]
[Black "Lammens, Tim"]
[Result "1-0"]
[WhiteElo "2502"]
[BlackElo "2293"]
[PlyCount "67"]
[EventDate "2018.08.04"]
[EventType "swiss"]
[EventRounds "9"]
[EventCountry "NED"]

1. Nf3 d6 2. d4 Nf6 3. g3 c5 4. Bg2 cxd4 5. Nxd4 e5 6. Nb3 h6 7. O-O Be7 8. c4
O-O 9. Nc3 Nc6 10. Be3 Na5 11. Nxa5 Qxa5 12. Qd2 Re8 13. Nb5 Qxd2 14. Bxd2 Rd8
15. Ba5 Rf8 16. Rfd1 Bg4 17. Kf1 Ne8 18. Bxb7 Rb8 19. Ba6 Nf6 20. Bc7 Ne4 21.
b4 d5 22. c5 Bh3+ 23. Kg1 Bc8 24. Bxb8 Bxa6 25. Nc7 Bxe2 26. Nxd5 Bxc5 27. bxc5
Bxd1 28. Rxd1 Rxb8 29. c6 Kf8 30. c7 Rc8 31. Nf6 gxf6 32. Rd8+ Ke7 33. Rxc8 Kd7
34. Ra8 1-0

[Event "22nd Hogeschool Zeeland Tournament"]
[Site "Vlissingen"]
[Date "2018.08.05"]
[Round "3.8"]
[White "De Boer, Eelke"]
[Black "Wan, Yunguo"]
[Result "0-1"]
[WhiteElo "2292"]
[BlackElo "2500"]
[PlyCount "92"]
[EventDate "2018.08.04"]
[EventType "swiss"]
[EventRounds "9"]
[EventCountry "NED"]

1. e4 c5 2. Nf3 Nc6 3. d4 cxd4 4. Nxd4 Nf6 5. Nc3 e5 6. Ndb5 d6 7. Bg5 a6 8.
Na3 b5 9. Nd5 Be7 10. Bxf6 Bxf6 11. c3 O-O 12. Nc2 Rb8 13. h4 Be7 14. g3 Be6
15. a3 a5 16. Nce3 a4 17. Bd3 Qd7 18. Qe2 Na5 19. Rb1 Bd8 20. O-O Nb3 21. Rfd1
g6 22. h5 Nc5 23. Bc2 f5 24. hxg6 fxe4 25. Qh5 Rb7 26. Nb4 Rf6 27. Qxh7+ Qxh7
28. gxh7+ Rxh7 29. Rxd6 Be7 30. Nbd5 Rfh6 31. Nxe7+ Kf7 32. g4 Rh1+ 33. Kg2
R1h2+ 34. Kf1 Kxe7 35. Rd2 Nd3 36. Rxd3 exd3 37. Bxd3 Rf7 38. Nf5+ Kf6 39. Kg1
Rh3 40. Bf1 Bxf5 41. gxf5 Rg7+ 42. Bg2 Rh4 43. f3 Rh3 44. Rf1 Kxf5 45. Rf2 Kf4
46. Kf1 Rh2 0-1

[Event "22nd Hogeschool Zeeland Tournament"]
[Site "Vlissingen"]
[Date "2018.08.05"]
[Round "3.9"]
[White "Henrichs, Thomas"]
[Black "Peek, Marcel"]
[Result "0-1"]
[WhiteElo "2486"]
[BlackElo "2290"]
[PlyCount "122"]
[EventDate "2018.08.04"]
[EventType "swiss"]
[EventRounds "9"]
[EventCountry "NED"]

1. c4 e5 2. Nc3 Bb4 3. Nd5 Bc5 4. Nf3 c6 5. Nc3 d6 6. e3 Bb4 7. Qb3 Bxc3 8.
Qxc3 Nf6 9. d4 e4 10. Nd2 O-O 11. b3 Re8 12. h3 d5 13. Be2 Nbd7 14. Ba3 Nf8 15.
Qb4 b6 16. Qd6 Bd7 17. Rc1 Re6 18. Qh2 a5 19. O-O b5 20. Bd6 Ne8 21. Bg3 bxc4
22. bxc4 Rh6 23. cxd5 cxd5 24. Rc5 Be6 25. Rfc1 Nd7 26. Rc6 Nb8 27. R6c3 Nd7
28. Nb3 g5 29. Nc5 Nxc5 30. Rxc5 g4 31. Bf4 Rg6 32. h4 h5 33. Bb5 Ng7 34. Bc7
Qe7 35. Bc6 Rc8 36. Bb7 g3 37. fxg3 Rxc7 38. Rxc7 Qb4 39. Bc8 Qd2 40. g4 Qxe3+
41. Kh1 Rxg4 42. R7c3 Qxd4 43. Bxe6 Nxe6 44. Rg3 Qf2 45. Rxg4+ hxg4 46. Rc8+
Kh7 47. Qe5 Qe1+ 48. Kh2 Qxh4+ 49. Kg1 Qe1+ 50. Kh2 Qh4+ 51. Kg1 Ng7 52. g3 Qh6
53. Qxd5 Qe3+ 54. Kh2 Qf2+ 55. Kh1 Qf1+ 56. Kh2 Qf2+ 57. Kh1 Qf1+ 58. Kh2 Qh3+
59. Kg1 Qxg3+ 60. Kf1 Qf3+ 61. Ke1 g3 0-1

[Event "22nd Hogeschool Zeeland Tournament"]
[Site "Vlissingen"]
[Date "2018.08.05"]
[Round "3.10"]
[White "Vedder, Richard"]
[Black "Admiraal, Miguoel"]
[Result "1/2-1/2"]
[WhiteElo "2284"]
[BlackElo "2479"]
[PlyCount "93"]
[EventDate "2018.08.04"]
[EventType "swiss"]
[EventRounds "9"]
[EventCountry "NED"]

1. d4 Nf6 2. c4 e6 3. Nf3 d5 4. Nc3 c6 5. e3 Nbd7 6. Bd3 dxc4 7. Bxc4 b5 8. Bd3
Bb7 9. O-O a6 10. Qe2 c5 11. Rd1 Qc7 12. Bd2 Be7 13. Rac1 Qb6 14. Bb1 O-O 15.
Be1 Rfd8 16. a3 h6 17. dxc5 Nxc5 18. b4 Ncd7 19. e4 Rac8 20. Bd2 Qa7 21. Be3
Qa8 22. Nd2 Ne5 23. h3 Nc4 24. Nxc4 Rxc4 25. Rxd8+ Bxd8 26. f3 Qc8 27. Qd3 Bc7
28. Ba2 Rc6 29. Ne2 Rxc1+ 30. Nxc1 Nd7 31. Ne2 Ne5 32. Qd4 Ng6 33. Qc5 Qd8 34.
Qd4 Qc8 35. Qc3 Qb8 36. Bd4 Be5 37. Bxe5 Nxe5 38. Kf2 Qd6 39. Nd4 g5 40. Bb1
Nc4 41. a4 Qb6 42. axb5 axb5 43. Kg3 Qc7+ 44. Kf2 Qb6 45. Kg3 e5 46. Nf5 Qg1
47. Ba2 1/2-1/2

[Event "22nd Hogeschool Zeeland Tournament"]
[Site "Vlissingen"]
[Date "2018.08.05"]
[Round "3.12"]
[White "Frayna, Janelle Mae"]
[Black "Romanishin, Oleg M"]
[Result "1/2-1/2"]
[WhiteElo "2278"]
[BlackElo "2441"]
[PlyCount "34"]
[EventDate "2018.08.04"]
[EventType "swiss"]
[EventRounds "9"]
[EventCountry "NED"]

1. Nf3 Nf6 2. c4 e6 3. g3 a6 4. Bg2 b5 5. b3 Bb7 6. O-O d6 7. d4 Nbd7 8. a4 b4
9. a5 Rb8 10. Bb2 Be7 11. Nbd2 O-O 12. Qc2 c5 13. e3 Qc7 14. Rfd1 g6 15. Qd3
Rfe8 16. Ne1 Bxg2 17. Nxg2 Qb7 1/2-1/2

[Event "22nd Hogeschool Zeeland Tournament"]
[Site "Vlissingen"]
[Date "2018.08.05"]
[Round "3.13"]
[White "Ojas Kulkarni"]
[Black "Warmerdam, Max"]
[Result "1/2-1/2"]
[WhiteElo "2256"]
[BlackElo "2421"]
[PlyCount "137"]
[EventDate "2018.08.04"]
[EventType "swiss"]
[EventRounds "9"]
[EventCountry "NED"]

1. d4 Nf6 2. c4 g6 3. Nc3 Bg7 4. e4 d6 5. Be2 O-O 6. Be3 Na6 7. Nf3 e5 8. O-O
Ng4 9. Bg5 Qe8 10. Re1 exd4 11. Nxd4 Qe5 12. Nf3 Qc5 13. Bh4 Be6 14. Rc1 Qb6
15. b3 Nc5 16. Bf1 a5 17. Nd4 Ne5 18. Ndb5 Nc6 19. Nd5 Bxd5 20. cxd5 Na7 21. a4
Rfe8 22. Qc2 Nxb5 23. Bxb5 c6 24. Bc4 Qb4 25. dxc6 bxc6 26. Bg3 d5 27. Bxd5
cxd5 28. Qxc5 Rxe4 29. Rxe4 Qxe4 30. f3 Bd4+ 31. Bf2 Bxc5 32. fxe4 Bxf2+ 33.
Kxf2 dxe4 34. Rc5 f5 35. g4 Rf8 36. Ke3 fxg4 37. Rxa5 Rf3+ 38. Kxe4 Rxb3 39.
Kf4 Rh3 40. Kxg4 Rxh2 41. Ra7 Rh5 42. Kg3 Rc5 43. Kg4 h5+ 44. Kh4 Rd5 45. a5
Rb5 46. a6 Ra5 47. Rb7 Rxa6 48. Kg5 Re6 49. Ra7 Kf8 50. Rb7 Ke8 51. Ra7 Kf8 52.
Rb7 Re7 53. Rb6 Rg7 54. Rb8+ Kf7 55. Rb7+ Kg8 56. Rb8+ Kh7 57. Ra8 Rf7 58. Ra5
Kg7 59. Rb5 Rc7 60. Ra5 Kf7 61. Rb5 Ra7 62. Rc5 Ra1 63. Rc7+ Ke6 64. Kxg6 h4
65. Kg5 h3 66. Rh7 Rh1 67. Kg4 Ke5 68. Rxh3 Rxh3 69. Kxh3 1/2-1/2

[Event "22nd Hogeschool Zeeland Tournament"]
[Site "Vlissingen"]
[Date "2018.08.05"]
[Round "3.14"]
[White "Viani Antonio Dcunha"]
[Black "Muetsch, Annmarie"]
[Result "1-0"]
[WhiteElo "2414"]
[BlackElo "2239"]
[PlyCount "93"]
[EventDate "2018.08.04"]
[EventType "swiss"]
[EventRounds "9"]
[EventCountry "NED"]

1. e4 e5 2. Nf3 Nc6 3. Bc4 Bc5 4. O-O d6 5. c3 Bb6 6. d3 Nf6 7. Nbd2 O-O 8. Bb3
a6 9. Nc4 Ba7 10. Bg5 h6 11. Bh4 Bg4 12. h3 Bh5 13. g4 Bg6 14. Ne3 Nb8 15. Bg3
Nbd7 16. Nh4 Bh7 17. Qf3 Nc5 18. Bc2 Ne6 19. Nhf5 Re8 20. h4 Bxf5 21. gxf5 Nf8
22. Kh1 N8h7 23. Rg1 Kh8 24. Bb3 Qe7 25. Bh2 Rg8 26. Rae1 a5 27. Qd1 c6 28. Rg2
b5 29. f4 a4 30. Bc2 a3 31. b4 Nd7 32. Qh5 Nhf6 33. Qf3 Nh7 34. Qh3 Nhf6 35.
Bb3 Nh5 36. f6 Nhxf6 37. Nf5 Qf8 38. fxe5 dxe5 39. d4 Bb8 40. Reg1 g6 41. Bxf7
Qxf7 42. Nxh6 Qe7 43. Nxg8 Nxg8 44. Rxg6 Ngf6 45. dxe5 Bxe5 46. Rh6+ Nh7 47.
Qxd7 1-0

[Event "22nd Hogeschool Zeeland Tournament"]
[Site "Vlissingen"]
[Date "2018.08.05"]
[Round "3.17"]
[White "Gonzales, Jayson"]
[Black "Sparenberg, Erik"]
[Result "1/2-1/2"]
[WhiteElo "2383"]
[BlackElo "2173"]
[PlyCount "63"]
[EventDate "2018.08.04"]
[EventType "swiss"]
[EventRounds "9"]
[EventCountry "NED"]

1. Nf3 Nf6 2. c4 g6 3. Nc3 Bg7 4. e4 d6 5. d4 O-O 6. h3 e5 7. d5 Na6 8. Bg5 h6
9. Be3 Nc5 10. Nd2 a5 11. g4 Nfd7 12. Rg1 g5 13. Be2 Re8 14. h4 gxh4 15. g5 Kh7
16. Nf3 h3 17. Bf1 Nf8 18. Nh2 Ng6 19. Qh5 Nf4 20. Bxf4 exf4 21. gxh6 Bxc3+ 22.
bxc3 Qf6 23. Rc1 Nxe4 24. Bd3 Bf5 25. Ng4 Nxc3+ 26. Kd2 Ne4+ 27. Ke1 Nc3+ 28.
Kd2 Ne4+ 29. Ke1 Nxf2+ 30. Kxf2 Qd4+ 31. Kf3 Qxd3+ 32. Kxf4 1/2-1/2

[Event "22nd Hogeschool Zeeland Tournament"]
[Site "Vlissingen"]
[Date "2018.08.05"]
[Round "3.19"]
[White "Miciano, John Marvin"]
[Black "Stange, Sven"]
[Result "1-0"]
[WhiteElo "2381"]
[BlackElo "2161"]
[PlyCount "79"]
[EventDate "2018.08.04"]
[EventType "swiss"]
[EventRounds "9"]
[EventCountry "NED"]

1. g3 Nf6 2. Bg2 d5 3. Nf3 e6 4. O-O Be7 5. d3 O-O 6. Nbd2 Nc6 7. c3 e5 8. b4
a6 9. Qc2 h6 10. a3 Re8 11. e4 dxe4 12. dxe4 Bg4 13. Nc4 Bf8 14. Ne3 Bxf3 15.
Bxf3 g6 16. Be2 Qe7 17. Bc4 Nd8 18. Nd5 Nxd5 19. Bxd5 c6 20. Bb3 a5 21. Be3
axb4 22. axb4 Ne6 23. Qe2 Bg7 24. Bb6 Kh7 25. Bc4 Rxa1 26. Rxa1 Qg5 27. h4 Qe7
28. Rd1 Bf6 29. Rd3 Ra8 30. Qd1 Kg7 31. Kg2 Nf8 32. h5 g5 33. Qg4 Qe8 34. Rd6
Bd8 35. Qf5 Bxb6 36. Qf6+ Kg8 37. Qxh6 Bd8 38. Rg6+ Nxg6 39. hxg6 Qf8 40. Qh7#
1-0

[Event "22nd Hogeschool Zeeland Tournament"]
[Site "Vlissingen"]
[Date "2018.08.05"]
[Round "3.24"]
[White "Vrolijk, Liam"]
[Black "Reichardt, Robin"]
[Result "1-0"]
[WhiteElo "2430"]
[BlackElo "1942"]
[PlyCount "51"]
[EventDate "2018.08.04"]
[EventType "swiss"]
[EventRounds "9"]
[EventCountry "NED"]

1. e4 e5 2. Nf3 Nc6 3. Bc4 Nf6 4. d3 Be7 5. O-O O-O 6. Re1 d6 7. a4 Be6 8. Nbd2
Nh5 9. Nxe5 Nxe5 10. Bxe6 fxe6 11. Qxh5 Bg5 12. d4 Ng6 13. Nf3 Bxc1 14. Raxc1
Nf4 15. Qg4 Rf6 16. g3 Ng6 17. e5 Rf5 18. exd6 Qxd6 19. Ng5 Raf8 20. Nxe6 R8f6
21. Ng5 Rxf2 22. Ne4 Qxd4 23. Nxf6+ Qxf6 24. Qe6+ Qxe6 25. Rxe6 Rd2 26. Rf1 1-0

[Event "22nd Hogeschool Zeeland Tournament"]
[Site "Vlissingen"]
[Date "2018.08.05"]
[Round "3.25"]
[White "Shyaamnikhil P"]
[Black "Gosman, Theo"]
[Result "1-0"]
[WhiteElo "2389"]
[BlackElo "2030"]
[PlyCount "81"]
[EventDate "2018.08.04"]
[EventType "swiss"]
[EventRounds "9"]
[EventCountry "NED"]

1. Nf3 Nf6 2. g3 d5 3. Bg2 e6 4. O-O Bd6 5. d3 O-O 6. Nbd2 Re8 7. e4 dxe4 8.
dxe4 e5 9. Nc4 Nc6 10. Qe2 Bc5 11. c3 a5 12. Rd1 Qe7 13. Ne3 Bg4 14. h3 Bxe3
15. Bxe3 Bh5 16. g4 Bg6 17. Nh4 Bxe4 18. g5 Bxg2 19. gxf6 Qxf6 20. Nxg2 Qf5 21.
Qg4 Qf6 22. Rd7 Rac8 23. Rad1 e4 24. Bg5 Qf3 25. Bf4 h5 26. Qxf3 exf3 27. Ne1
Re2 28. R1d2 Re4 29. Bh2 Ne5 30. Bxe5 Rxe5 31. Nxf3 Rb5 32. b3 c6 33. h4 Re8
34. Rd8 Kf8 35. c4 Rf5 36. Kg2 Rf4 37. R2d4 Rf6 38. Ng5 Rg6 39. f4 Rxd8 40.
Rxd8+ Ke7 41. Rb8 1-0

[Event "22nd Hogeschool Zeeland Tournament"]
[Site "Vlissingen"]
[Date "2018.08.05"]
[Round "3.26"]
[White "Van der Lende, Ilias"]
[Black "Ackermann, Frank"]
[Result "1-0"]
[WhiteElo "2347"]
[BlackElo "2009"]
[PlyCount "69"]
[EventDate "2018.08.04"]
[EventType "swiss"]
[EventRounds "9"]
[EventCountry "NED"]

1. e4 c5 2. c3 d5 3. exd5 Qxd5 4. d4 Nc6 5. Nf3 cxd4 6. cxd4 Bg4 7. Nc3 Bxf3 8.
gxf3 Qxd4 9. Qxd4 Nxd4 10. Nb5 e5 11. Nc7+ Kd8 12. Nxa8 Nc2+ 13. Kd1 Nxa1 14.
Be3 b6 15. Bd3 Kc8 16. Ke2 Kb8 17. Rc1 Bd6 18. Rc6 e4 19. Bxe4 Bxh2 20. f4 f5
21. Bf3 Nf6 22. Nxb6 axb6 23. Rxb6+ Kc8 24. Rc6+ Kb8 25. Rc1 Re8 26. Kf1 g5 27.
fxg5 Ne4 28. Bxe4 Rxe4 29. Kg2 Be5 30. Rxa1 f4 31. Bd2 Re2 32. Re1 Rxd2 33.
Rxe5 Rxb2 34. a4 Rb4 35. Rb5+ 1-0

[Event "22nd Hogeschool Zeeland Tournament"]
[Site "Vlissingen"]
[Date "2018.08.05"]
[Round "3.27"]
[White "Bekedam, Tyro"]
[Black "Maatman, Nick"]
[Result "0-1"]
[WhiteElo "2019"]
[BlackElo "2345"]
[PlyCount "66"]
[EventDate "2018.08.04"]
[EventType "swiss"]
[EventRounds "9"]
[EventCountry "NED"]

1. e4 e6 2. d4 d5 3. Nc3 Bb4 4. e5 Ne7 5. a3 Bxc3+ 6. bxc3 c5 7. Qg4 cxd4 8.
cxd4 Qc7 9. Bd2 Qxc2 10. Rc1 Qe4+ 11. Qxe4 dxe4 12. g3 Nbc6 13. Ne2 f5 14. exf6
gxf6 15. Bg2 f5 16. O-O Nd5 17. Rfe1 Bd7 18. Bg5 Rg8 19. h4 Rc8 20. f3 e3 21.
f4 Kf7 22. Bf3 Kg7 23. h5 h6 24. Bh4 Na5 25. Kg2 b6 26. Ng1 Rxc1 27. Rxc1 Rc8
28. Rxc8 Bxc8 29. Be2 Bb7 30. Nf3 Nc3 31. Kf1 Nb3 32. Be7 Nd2+ 33. Nxd2 exd2
0-1

[Event "22nd Hogeschool Zeeland Tournament"]
[Site "Vlissingen"]
[Date "2018.08.05"]
[Round "3.28"]
[White "Lefebvre, Herve"]
[Black "Henderikse, Bert"]
[Result "1-0"]
[WhiteElo "2304"]
[BlackElo "1982"]
[PlyCount "105"]
[EventDate "2018.08.04"]
[EventType "swiss"]
[EventRounds "9"]
[EventCountry "NED"]

1. e4 d6 2. d4 Nf6 3. Nc3 g6 4. f4 Bg7 5. a3 O-O 6. Nf3 c5 7. dxc5 Qa5 8. b4
Qc7 9. e5 dxe5 10. fxe5 Rd8 11. Bd3 Nd5 12. Nb5 Qd7 13. Bd2 Nc6 14. Qe2 a6 15.
Nc3 Qc7 16. Nxd5 Rxd5 17. Bc4 Rxd2 18. Kxd2 Nxe5 19. Nxe5 Bxe5 20. Rae1 Bf6 21.
Rhf1 Bf5 22. g4 Rd8+ 23. Bd3 Bxd3 24. cxd3 b6 25. Rxf6 exf6 26. Qe7 Qxh2+ 27.
Kc3 Rc8 28. Qd7 Rc7 29. Qe8+ Kg7 30. Re7 Rxe7 31. Qxe7 bxc5 32. bxc5 Qg2 33.
Qd7 Qg1 34. Kc4 Qc1+ 35. Kd5 Qxa3 36. d4 Qf3+ 37. Kd6 Qf4+ 38. Ke7 Qe4+ 39. Kd8
Qa8+ 40. Kc7 Qa7+ 41. Kc6 Qa8+ 42. Kb6 Qb8+ 43. Kxa6 h5 44. gxh5 gxh5 45. c6
Qa8+ 46. Kb6 Qa4 47. Qd6 Qb3+ 48. Ka7 Qa4+ 49. Kb7 Qb5+ 50. Kc8 Qa6+ 51. Kd8
Qb6+ 52. Ke8 Qb5 53. Qf8+ 1-0

[Event "22nd Hogeschool Zeeland Tournament"]
[Site "Vlissingen"]
[Date "2018.08.05"]
[Round "3.29"]
[White "Ree, Hans"]
[Black "De Zwart, Johan"]
[Result "1-0"]
[WhiteElo "2303"]
[BlackElo "1982"]
[PlyCount "83"]
[EventDate "2018.08.04"]
[EventType "swiss"]
[EventRounds "9"]
[EventCountry "NED"]

1. c4 c5 2. g3 Nc6 3. Bg2 g6 4. Nc3 Bg7 5. a3 d6 6. Rb1 a5 7. Nf3 e5 8. O-O
Nge7 9. Ne1 Be6 10. Nd5 O-O 11. d3 Rb8 12. Nc2 b5 13. Nce3 b4 14. axb4 Nxb4 15.
Nxe7+ Qxe7 16. Ra1 Qa7 17. Qa4 Rb6 18. Bd2 Rfb8 19. Bc3 Bd7 20. Qd1 a4 21. f4
Ra6 22. f5 f6 23. h4 a3 24. bxa3 Rxa3 25. Be4 Rxa1 26. Qxa1 Qxa1 27. Rxa1 gxf5
28. Nxf5 Bxf5 29. Bxf5 Nc2 30. Ra7 Rb1+ 31. Kf2 h6 32. h5 Rb8 33. Rd7 Bf8 34.
e3 Nb4 35. Kf3 Nc6 36. Be4 Ra8 37. Bd5+ Kh8 38. Rf7 Bg7 39. Kg4 Nb4 40. Bxb4
cxb4 41. Rb7 Bf8 42. Kf5 1-0

[Event "22nd Hogeschool Zeeland Tournament"]
[Site "Vlissingen"]
[Date "2018.08.05"]
[Round "3.30"]
[White "Haak, Eelco"]
[Black "Stillger, Bernhard"]
[Result "1/2-1/2"]
[WhiteElo "1999"]
[BlackElo "2271"]
[PlyCount "58"]
[EventDate "2018.08.04"]
[EventType "swiss"]
[EventRounds "9"]
[EventCountry "NED"]

1. d4 Nf6 2. Nf3 d5 3. g3 c6 4. Bg2 Bf5 5. O-O Nbd7 6. b3 h6 7. c4 e6 8. Bb2
Be7 9. Nc3 Ne4 10. Nd2 Nxc3 11. Bxc3 O-O 12. e4 dxe4 13. Nxe4 Nf6 14. Re1 Qc7
15. Qc2 Rad8 16. Rad1 Rd7 17. Qc1 Nxe4 18. Bxe4 Bxe4 19. Rxe4 Bf6 20. Re2 Rfd8
21. Red2 Bg5 22. f4 Bf6 23. Rd3 Qd6 24. Qe3 Qf8 25. Qe4 g6 26. Ba5 Re8 27. Be1
Red8 28. Ba5 Re8 29. Be1 Red8 1/2-1/2

[Event "22nd Hogeschool Zeeland Tournament"]
[Site "Vlissingen"]
[Date "2018.08.05"]
[Round "3.31"]
[White "Afek, Yochanan"]
[Black "De Kraker, Johnny"]
[Result "1-0"]
[WhiteElo "2248"]
[BlackElo "1942"]
[PlyCount "53"]
[EventDate "2018.08.04"]
[EventType "swiss"]
[EventRounds "9"]
[EventCountry "NED"]

1. e4 e6 2. d4 d5 3. e5 c5 4. c3 Nc6 5. Nf3 Bd7 6. a3 f6 7. Bd3 fxe5 8. dxe5
Nh6 9. O-O Nf7 10. Re1 Qc7 11. Bf4 O-O-O 12. b4 h6 13. Bg6 Be8 14. bxc5 Bxc5
15. Nd4 Qb6 16. Nxe6 Bxf2+ 17. Kh1 Bxe1 18. Qxe1 Nfxe5 19. Bf5 Bg6 20. Bh3 Nd7
21. Nxd8 Nxd8 22. Qe5 Nc6 23. Qd6 Be8 24. Nd2 g5 25. Rb1 Qd8 26. Qxc6+ bxc6 27.
Rb8# 1-0